000 00712nam a2200193 i 4500
001 184683
003 ES-MaACL
005 20230906222243.0
008 151113q1938 sp |||| | spa d
110 1 _aEspaña.
_bJunta Central del Tesoro Artístico.
_9138826
245 1 3 _aLa colección nacional de tapices /
_cJunta Central del Tesoro Artístico.
260 _aValencia :
_bJunta Central del Tesoro Artístico,
_c[ca. 1938] (
_fTip. Moderna)
300 _a8 h. :
_bil. ;
_c18 cm.
490 1 _aProtección del tesoro artístico nacional
650 4 _aTapices-
_zEspaña.
_9184706
830 1 _aProtección del tesoro artístico nacional
_9225114
852 4 _aES-MaACL
_j1815-F-16
999 _c184683
_d184683